000 00984nam2a22002291 4500
001 v19\rc\1850866
005 20250619150144.0
035 _a(NLR Aleph) 004941116
090 _a5782245
_c5782245
100 _a20080221f18261917|||y0rusy50 ca
101 1 _arus
_ceng
102 _aRU
105 _ay z |||||
200 1 _aПодвиги бригадира Жерара
_fПер. Н.Д. Облеухова
316 _aЭкземпляр РНБ (38.78.8.33): утрачен
_5NLR: 38.78.8.33
461 0 _1001v19\rc\1850865
_12001#$aПолное собрание сочинений$eТ. 1-5$vТ. 1
_1700#1$aДойль$bА.К.$f1859-1930$gАртур Конан
_95782240
_aДойл, А. К. (1859-1930)
_cСанкт-Петербург
_nП.П. Сойкина
_oТ. 1-5
_tПолное собрание сочинений
_vТ. 1
702 1 _aОблеухов
_bН.Д.
_4730
801 0 _aRU
_bNLR
_gpsbo
801 1 _aRU
_bProSoft-M
_2rusmarc
852 _aNLR
_j38.78.8.33
942 _cBOOK
980 _aNB